000 00463ntaaa2200181 4500
003 01
005 20251027202101.0
008 0714s1973 ag 01
040 _aAR-BaBN
_bspa
_cAR-BaBN
_eaacr
_dRIC
082 _a252.0000 R696
100 _aRodriguez, José M
_919378
245 _aMensajes para los sedientos de dicha
250 _a1 ed.
260 _aBuenos Aires :
_bJunta de Publicaciones,
_c1946
300 _a87 p
650 _asermones
_9362
942 _cBK
999 _c15692
_d15692